00369nam a2200133 a 45000010010000000030011000100080041000210350026000620820014000881000019001022450050001212600053001716500011002240000-9180ELIB.Books110520 2004  a(ELIB.Books)0000-9332 aB.Th bEd aEd Dee Na, Naw aVictorious Christian Living in Churches Today bInsein: Karen Baptist Theolgical Seminary c2004 aThesis